Economics / (Record no. 3591)

000 -LEADER
fixed length control field 00955cam a22003134a 4500
001 - CONTROL NUMBER
control field 16974829
003 - CONTROL NUMBER IDENTIFIER
control field OSt
005 - DATE AND TIME OF LATEST TRANSACTION
control field 20161017093120.0
008 - FIXED-LENGTH DATA ELEMENTS--GENERAL INFORMATION
fixed length control field 110923s2012 enka 001 0 eng
010 ## - LIBRARY OF CONGRESS CONTROL NUMBER
LC control number 2011040034
020 ## - INTERNATIONAL STANDARD BOOK NUMBER
International Standard Book Number 97814442506725
035 ## - SYSTEM CONTROL NUMBER
System control number (OCoLC)ocn754908740
040 ## - CATALOGING SOURCE
Original cataloging agency DLC
Transcribing agency DLC
Modifying agency YDX
-- YDXCP
-- CDX
-- BWK
-- DLC
042 ## - AUTHENTICATION CODE
Authentication code pcc
050 00 - LIBRARY OF CONGRESS CALL NUMBER
Classification number HB171.5.M38 2010
082 00 - DEWEY DECIMAL CLASSIFICATION NUMBER
Classification number 330
Edition number 23
100 ## - MAIN ENTRY--PERSONAL NAME
Personal name McTaggart,Douglas
245 10 - TITLE STATEMENT
Title Economics /
Statement of responsibility, etc Douglas,McTaggart, Christopher Findalay, Michael Parkin
250 ## - EDITION STATEMENT
Edition statement 6th ed.
260 ## - PUBLICATION, DISTRIBUTION, ETC. (IMPRINT)
Place of publication, distribution, etc Australia :
Name of publisher, distributor, etc Pearson,
Date of publication, distribution, etc 2010.
300 ## - PHYSICAL DESCRIPTION
Extent xxxviii.714p :
Other physical details col. ill. ;
Dimensions 27 cm.
500 ## - GENERAL NOTE
General note Includes index.
650 #0 - SUBJECT ADDED ENTRY--TOPICAL TERM
Topical term or geographic name as entry element Economics.
700 ## - ADDED ENTRY--PERSONAL NAME
Personal name Findlay,Christopher
700 ## - ADDED ENTRY--PERSONAL NAME
Personal name Parkin,Michael
906 ## - LOCAL DATA ELEMENT F, LDF (RLIN)
a 7
b cbc
c orignew
d 1
e ecip
f 20
g y-gencatlg
942 ## - ADDED ENTRY ELEMENTS (KOHA)
Source of classification or shelving scheme
Koha item type Book
Holdings
Withdrawn status Lost status Source of classification or shelving scheme Damaged status Not for loan Home library Current library Shelving location Date acquired Total Checkouts Full call number Barcode Date last seen Copy number Price effective from Koha item type
          Riara University Library Riara University Library General stack 17/10/2016   HB171.5.M38 2010 8130/16 17/10/2016 C.1 17/10/2016 Book

Riara University Library,
P.O. Box 49940-00100,
Nairobi, Kenya.